ՀՀ Գիտությունների ազգային ակադեմիայի հիմնարար գիտական գրադարան  =   Fundamental Scientific Library of NAS RA

Высшие растения 1, От псилофитовых до хвойных / (Record no. 471684)

MARC details
000 -LEADER
fixed length control field 00750nam-a2200181-a-4500
001 - CONTROL NUMBER
control field YSU0059502
003 - CONTROL NUMBER IDENTIFIER
control field AM-YeHGA
005 - DATE AND TIME OF LATEST TRANSACTION
control field 20250618075522.0
008 - FIXED-LENGTH DATA ELEMENTS--GENERAL INFORMATION
fixed length control field 991007s1956 xxu 000 0 rus u
040 ## - CATALOGING SOURCE
Original cataloging agency AM-YeHGA
090 ## - LOCALLY ASSIGNED LC-TYPE CALL NUMBER (OCLC); LOCAL CALL NUMBER (RLIN)
-- 474945
100 1# - MAIN ENTRY--PERSONAL NAME
Personal name Թախտաջյան, Արմեն Լևոնի,
Dates associated with a name 1910-2009
9 (RLIN) 3348
245 10 - TITLE STATEMENT
Title Высшие растения 1, От псилофитовых до хвойных /
Statement of responsibility, etc. А.Л. Тахтаджян ; АН СССР. Ботанический ин-т им. В.Л. Комарова
260 ## - PUBLICATION, DISTRIBUTION, ETC.
Place of publication, distribution, etc. Л.,
-- Москва :
Name of publisher, distributor, etc. АН СССР ,
Date of publication, distribution, etc. 1956.
300 ## - PHYSICAL DESCRIPTION
Extent 488 с.
650 #4 - SUBJECT ADDED ENTRY--TOPICAL TERM
Topical term or geographic name entry element Частная ботаника
710 2# - ADDED ENTRY--CORPORATE NAME
Corporate name or jurisdiction name as entry element Ботанический институт им. В.Л. Комарова АН СССР
Holdings
Withdrawn status Lost status Damaged status Not for loan Collection Home library Current library Date acquired Serial enumeration / chronology Total checkouts Full call number Barcode Date last seen Price effective from Koha item type Public note Source of classification or shelving scheme
        General Fundamental Scientific Library Fundamental Scientific Library 07/06/2018 Ч. 1   РД III/6931 FL0502900 07/06/2018 07/06/2018 Գրքեր / Books 30 Days Loan  
        General Fundamental Scientific Library Fundamental Scientific Library 08/06/2018 1   РД III/6951 FL0501437 08/06/2018 08/06/2018 Գրքեր / Books 30 Days Loan Universal Decimal Classification


ՀՀ ԳԱԱ հիմնարար գիտական գրադարան
ՀՀ,Երևան 0019
Մարշալ Բաղրամյան 24/6
հեռախոս:(374-10) 52-47-50
Հետադարձ կապ

All site content, except where otherwise noted, is licensed under a
Creative Commons License